000 00851nam a22002657a 4500
001 BR7400940
003 BR-BrBNA
005 20230928084539.0
007 ta
008 230509b bl.||||| |||| 00| 0 por d
040 _aBR-BrBNA
_bpor
_cBiblioteca Nacional de Agricultura
041 _a(Por)
072 _aE10
_b0430
_b/G514
090 _ 0430 BR7400940
110 1 _aDepartamento Nacional da Producao Vegetal, Rio de Janeiro, GB (Brasil). Servico de Plantas Texteis
_93246
245 1 _aImpostos que incidem sobre o algodao; e subprodutos no estado do Rio Grande do Norte e seus diversos minicipios [Brasil]
260 3 _aRio de Janeiro, GB (Brasil):
_c1938.
300 _a8 p.
650 _aALGODAO
650 _aSUBPRODUTO
650 _aIMPOSTO
650 _aRIO GRANDE DO NORTE
909 _a202309
_bLucia
_c55
_dLucia Elande
942 _cBK
999 _c19662
_d19662